Laboratory experiments: Chemistry, the central science. / (Record no. 9162)
[ view plain ]
| 000 -LEADER | |
|---|---|
| fixed length control field | 04195pam a2200313 a 4500 |
| 001 - CONTROL NUMBER | |
| control field | 1424262 |
| 003 - CONTROL NUMBER IDENTIFIER | |
| control field | OSt |
| 005 - DATE AND TIME OF LATEST TRANSACTION | |
| control field | 20220823114423.0 |
| 008 - FIXED-LENGTH DATA ELEMENTS--GENERAL INFORMATION | |
| fixed length control field | 840614s1985 njua 000 0 eng |
| 010 ## - LIBRARY OF CONGRESS CONTROL NUMBER | |
| LC control number | 772533182 |
| 020 ## - INTERNATIONAL STANDARD BOOK NUMBER | |
| International Standard Book Number | 9780321705020 |
| 020 ## - INTERNATIONAL STANDARD BOOK NUMBER | |
| International Standard Book Number | 0321705025 |
| 040 ## - CATALOGING SOURCE | |
| Original cataloging agency | DLC |
| Transcribing agency | LC |
| Modifying agency | DLC |
| 050 00 - LIBRARY OF CONGRESS CALL NUMBER | |
| Classification number | QD31.2.N33 |
| 100 1# - MAIN ENTRY--PERSONAL NAME | |
| Personal name | Nelson, John H. |
| 9 (RLIN) | 216 |
| 245 10 - TITLE STATEMENT | |
| Title | Laboratory experiments: Chemistry, the central science. / |
| Statement of responsibility, etc. | John H. Nelson, Kenneth C. Kemp and Mathew Stoltzfus. |
| 250 ## - EDITION STATEMENT | |
| Edition statement | 12th ed. |
| 260 ## - PUBLICATION, DISTRIBUTION, ETC. | |
| Place of publication, distribution, etc. | Boston: |
| Name of publisher, distributor, etc. | Prentice-Hall, |
| Date of publication, distribution, etc. | 2012. |
| 300 ## - PHYSICAL DESCRIPTION | |
| Extent | 1 volume [various pagings]: |
| Other physical details | ill. ; |
| Dimensions | 28 cm. |
| 505 ## - FORMATTED CONTENTS NOTE | |
| Formatted contents note | Contents: Basic Laboratory Techniques -- Identification of Substances by Physical Properties -- Separation of the Components of a Mixture -- Chemical Reactions -- Chemical Formulas -- Chemical Reactions of Copper and Percent Yield -- Chemical in Everyday Life: What Are They and How Do We Know? -- Gravimetric Analysis of a Chloride Salt -- Gravimetric Determination of Phosphorus in Plant Food -- Paper Chromatography: Separation of Cations and Dyes -- Molecular Geometries of Covalent Molecules: Lewis Structures and the VSEPR Model -- Atomic Spectra and Atomic Structure -- Behavior of Gases: Molar Mass of a Vapor -- Determination of R: The Gas Law Constant -- Activity Series -- Electrolysis, the Faraday, and Avogadro's Number -- Electrochemical Cells and Thermodynamics -- The Chemistry of Oxygen: Basic and Acidic Oxides and the Periodic Table -- Colligative Properties: Freezing Point Depression and Molar Mass -- Titration of Acids and Bases -- Reactions in Aqueous Solutions: Metathesis Reactions and Net Ionic Equations -- Colorimetric Determination of an Equilibrium Constant in Aqueous Solution -- Chemical Equilibrium: Le Chatelier's Principles -- Hydrolysis of Salts and pH of Buffer Solutions -- Determination of the Dissociation Constant of a Weak Acid -- Titration Curves of Polyprotic Acids -- Determination of the Solubility- Product Constant for a Sparingly Soluble Salt -- Heat of Neutralization -- Rates of Chemical Reactions I: A Clock Reaction -- Rates of Chemical Reactions II: Rate and Order of H2O2 Decomposition -- Introduction to Qualitative Analysis -- Abbreviated Qualitative Analysis Scheme Part I: Chemistry of Group 1 Cations: Pb2+, Ag+, Hg22+ Part II: Chemistry of Group 2 Cations: Pb2+, Cu2+, Bi3+, Sn4+ Part III: Chemistry of Group 3 Cations: Fe3+, Ni2+, Mn2+, Al3+ Part IV: Chemistry of Group 4 Cations: Ba2+, Ca2+, NH4+, Na+ Part V: Chemistry of Anions: SO42-, NO3-, CO32-, Cl-, Br-, I-, CrO42-, PO43-, S2-, SO32- Part VI: Analysis of a Simple Salt -- Colorimetric Determination of Iron -- Solubility and Thermodynamics -- Analysis of Water for Dissolved Oxygen -- Preparation and Reactions of Coordination Compounds: Oxalate Complexes -- Oxidation-Reduction Titrations I: Determination of Oxalate -- Preparation of Sodium Bicarbonate and Sodium Carbonate -- Oxidation-Reduction Titrations II: Analysis of Bleach -- Molecular Geometry: Experience with Models -- Preparation of Aspirin and Oil of Wintergreen -- Analysis of Aspirin -- Crystalline Solids Appendices A. The Laboratory Notebook B. Chemical Arithmetic C. Graphical Interpretation of Data: Calibration Curves and Least-Squares Analysis D. Summary of Solubility Properties of Ions and Solids E. Solubility-Product Constants for Compounds at 25 DegreesC F. Dissociation Constants for Acids at 25 DegreesC G. Dissociation Constants for Bases at 25 DegreesC H. Selected Standard Reduction Potentials at 25 DegreesC I. Spreadsheets J. Qualitative-Analysis Techniques K. Answers to Selected Pre-lab Questions L. Vapor Pressure of Water at Various Temperatures M. Names, Formulas, and Charges of Common Ions N. Some Molar Masses O. Basic SI Units, Some Derived SI Units, and Conversion Factors P. Composition of Commercial Reagent Acids and Bases -- |
| 650 #0 - SUBJECT ADDED ENTRY--TOPICAL TERM | |
| Topical term or geographic name entry element | Chemistry |
| 9 (RLIN) | 217 |
| 650 #0 - SUBJECT ADDED ENTRY--TOPICAL TERM | |
| Topical term or geographic name entry element | Chemistry experiments |
| 9 (RLIN) | 218 |
| 650 #0 - SUBJECT ADDED ENTRY--TOPICAL TERM | |
| Topical term or geographic name entry element | Chemistry laboratory manuals |
| 9 (RLIN) | 219 |
| 650 #0 - SUBJECT ADDED ENTRY--TOPICAL TERM | |
| Topical term or geographic name entry element | Laboratory manuals |
| 9 (RLIN) | 220 |
| 700 1# - ADDED ENTRY--PERSONAL NAME | |
| Personal name | Kemp, Kenneth C. |
| 9 (RLIN) | 221 |
| 700 1# - ADDED ENTRY--PERSONAL NAME | |
| Personal name | Stoltzfus, Matthew |
| 9 (RLIN) | 222 |
| 906 ## - LOCAL DATA ELEMENT F, LDF (RLIN) | |
| a | 7 |
| b | cbc |
| c | orignew |
| d | 1 |
| e | ocip |
| f | 19 |
| g | y-gencatlg |
| 942 ## - ADDED ENTRY ELEMENTS (KOHA) | |
| Source of classification or shelving scheme | Library of Congress Classification |
| Koha item type | Books |
| Withdrawn status | Lost status | Source of classification or shelving scheme | Damaged status | Not for loan | Home library | Current library | Shelving location | Date acquired | Total Checkouts | Full call number | Barcode | Date last seen | Price effective from | Koha item type |
|---|---|---|---|---|---|---|---|---|---|---|---|---|---|---|
| Library of Congress Classification | WISCONSIN INTERNATIONAL UNIVERSITY COLLEGE, GHANA KUMASI LIBRARY | WISCONSIN INTERNATIONAL UNIVERSITY COLLEGE, GHANA KUMASI LIBRARY | nursing | 22/11/2019 | QD31.2.N33(12e) | KSN/544/544/19 | 23/08/2022 | 23/08/2022 | Books |
